000 00623nam a2200193Ia 4500
003 GCL
008 140319s9999 xx 000 0 ara d
040 _aGCL /
_cGCL
082 0 4 _a153.34
_bد ت
100 1 _aدوبونو، ادوارد
245 1 0 _a"التفكير المتجدد "" استخدامات التفكير الجانبى?""" /
_cدوبونو، ادوارد
700 1 _aايهاب محمد (مترجم)
300 _a127 ص
490 _aالالف كتاب الثانى
_v0
650 0 4 _aعلم النفس
650 0 4 _aعلم النفس التربوى
650 0 4 _aالتفكير
942 _2ddc
_cBK
999 _c44294
_d44294